00606nam a22002057a 4500003000500000005001700005008004100022010001000063011001000073035001000083040000900093082001600102100001600118245009700134260005400231300001100285490003300296650003800329830003300367CHAP20220329134940.0971013s1929 r 00010 d a28551 a29523 a33634 cCHAP a335.437bL300aLapidus, I. aPrécis d`economie politiqueb: l`economie politique et la theorie de l`economie sovietique aParis :bEditions Sociales Internacionales,c1929 a468 p. aBibliothéque marxistev; 814aU.R.S.S.xPolítica económica.0 aBibliothéque marxistev; 8